Normal view
MARC view
Entry Término temático
001 - NÚMERO DE CONTROL
- campo de control: 160186
003 - IDENTIFICADOR DEL NÚMERO DE CONTROL
- campo de control: OSt
005 - FECHA Y HORA DE LA ÚLTIMA TRANSACCIÓN
- campo de control: 20220127160632.0
008 - DATOS DE LONGITUD FIJA
- campo de control de longitud fija: 220127|| aca||aabn | a|a d
040 ## - FUENTE DE LA CATALOGACIÓN
- Centro catalogador/agencia de origen: OSt
- Centro/agencia transcriptor: OSt
150 ## - ENCABEZAMIENTO--TÉRMINO DE MATERIA
- Término de materia o nombre geográfico como elemento de entrada: North American Free Trade Agreement (NAFTA) y en francés Accord de libre
- Subdivisión general: échange nord
- Subdivisión general: américain (ALÉNA)
- Subdivisión general: Livestock and meat industry
670 ## - FUENTE DE DATOS ENCONTRADOS
- Cita de la fuente: Work cat.: (OSt)177095: Maldonado Simán, Ema 141174, El TLCAN y la inocuidad alimentaria en la industria cárnica mexicana /, 2000
